Missing Word: Million Dollar Quartet Quiz Stats

 Plays Quiz Updated Nov 3, 2018

Score 0/20 Timer 04:00
0 Plays Today
Song Title % Correct
Line
98%
Great
97.2%
Fire
97%
Named
95.9%
Suede
95%
Heartbreak
94.5%
Tender
93.4%
Hound
92.1%
Shook
90.5%
Cruel
83.8%
Song Title % Correct
Folsom
83.8%
High
71.2%
Shakin'
70.8%
Guns
18.6%
Pink
17.6%
Blues
12.1%
True
10.5%
Eternity
6.2%
Dixie
5.8%
Sweeter
5%

Today's Daily Dose

Word Ladder
Lean on Me

Get the Picture
Superhero by Villain

You're not logged in!

Compare scores with friends on all Sporcle quizzes.
OR
Log In

Sporcle TV

Today on Sporcle TV


Watch our educational content, quiz creation guides, and fun videos on Sporcle TV.

Show Comments

Extras

Top Quizzes Today


Score Distribution

Your Account Isn't Verified!

In order to create a playlist on Sporcle, you need to verify the email address you used during registration. Go to your Sporcle Settings to finish the process.

Report this User

Report this user for behavior that violates our Community Guidelines.

Details: